000 00403nam a2200157Ia 4500
003 0STCL
008 150530s9999 xx 000 0 und d
040 _aSTCL
_cSTCL
100 _aNagendra Singh
245 _aAchievements of unctad 1964 unctad-II in the field of shipping and invisible
260 _bS.Chand
_c1969
546 _aEnglish
942 _2ddc
_cBK
999 _c8705
_d8705
005 20220125165514.0